La higiene en las iglesias (Record no. 167119)

MARC details
000 -LEADER
campo de control de longitud fija 00934nam a22002055i 4500
001 - NÚMERO DE CONTROL
campo de control 167119
003 - IDENTIFICADOR DE NÚMERO DE CONTROL
campo de control ES-MaACL
005 - FECHA Y HORA DE LA ÚLTIMA TRANSACCIÓN
campo de control 20250823063123.0
008 - DATOS DE LONGITUD FIJA--INFORMACIÓN GENERAL
campo de control de longitud fija 990309s1899 sp |||| | spa d
100 1# - ENTRADA PRINCIPAL--NOMBRE DE PERSONA
Nombre de persona Vega-Rey, Luis,
Fechas asociadas al nombre 1853-1899
9 (RLIN) 133584
245 13 - MENCIÓN DEL TÍTULO
Título La higiene en las iglesias
Resto del título : memoria premiada con el primer premio por la Sociedad Española de Higiene en el concurso público celebrado en 1898 /
Mención de responsabilidad, etc. escrita por D. Luis Vega-Rey.
260 ## - PUBLICACIÓN, DISTRIBUCIÓN, ETC.
Lugar de publicación, distribución, etc. Madrid :
Nombre del editor, distribuidor, etc. Madrid Médico,
Fecha de publicación, distribución, etc. 1899.
300 ## - DESCRIPCIÓN FÍSICA
Extensión 22, [2] p. ;
Dimensiones 17 cm.
530 ## - NOTA DISPONIBLE DE FORMULARIO FÍSICO ADICIONAL
Nota de formato físico adicional disponible Disponible en formato digital.
597 ## - NOTA DE DESCRIPCIÓN FÍSICA
NOTA DE DESCRIPCIÓN FÍSICA Antep.
650 #4 - PUNTO DE ACCESO ADICIONAL DE MATERIA--TÉRMINO DE MATERIA
Término de materia o nombre geográfico como elemento de entrada Iglesias-
Subdivisión general Salubridad.
9 (RLIN) 157258
852 ## - LOCALIZACIÓN
Ubicación ES-MaACL
Número de control de estantería T-882-F-2
Nota libre - Enc. hol., conservando cub. original
-- . - Dedic. ms. del autor a la Biblioteca del Ateneo
-- - Enc. en un vol. facticio
856 ## - LOCALIZACIÓN Y ACCESO ELECTRÓNICOS
Identificador Uniforme de Recursos <a href="http://bdh-rd.bne.es/viewer.vm?id=0000085106&page=1 ">http://bdh-rd.bne.es/viewer.vm?id=0000085106&page=1 </a>
Nota pública Biblioteca Digital Hispánica
Holdings
Estatus retirado Estado de pérdida Estado de daño No para préstamo Colección Biblioteca de origen Biblioteca actual Ubicación en estantería Fecha de adquisición Total de préstamos Signatura topográfica completa Código de barras Visto por última vez Precio de reemplazo Tipo de ítem Koha
        Colección de folletos Biblioteca del Ateneo de Madrid Biblioteca del Ateneo de Madrid Depósito folletos 17/01/2008   T-882-F-2 1175306 23/02/2023 23/02/2023 Folleto